[Event "4NCL Division 3"]
[Site "Daventry Court ENG"]
[Date "2015.05.03"]
[Round "10.237"]
[White "Valentine, Brian"]
[Black "Neatherway, A Philip"]
[Result "1-0"]
[WhiteElo "1977"]
[BlackElo "1873"]
[PlyCount "85"]
[EventDate "2015.05.03"]
[WhiteTeam "MK Phoenix 2"]
[BlackTeam "Oxford 3"]

1. e4 d5 2. exd5 Qxd5 3. Nc3 Qd6 4. d4 a6 5. Nf3 Nf6 6. g3 Bg4 7. Bg2 Nc6 8.
Be3 e6 9. O-O Be7 10. h3 Bxf3 11. Qxf3 O-O 12. Rfd1 Nb4 13. Rac1 c6 14. Bf4 Qd7
15. a3 Nbd5 16. Be5 Nxc3 17. Qxc3 Nd5 18. Qd2 f6 19. Bf4 Nxf4 20. Qxf4 Rad8 21.
Qg4 f5 22. Qe2 Bf6 23. c3 Rfe8 24. f4 g6 25. Qc4 Kg7 26. Rf1 h5 27. h4 Kf7 28.
Rfe1 Qd6 29. b4 Re7 30. a4 Rc7 31. Rc2 a5 32. Rce2 Re7 33. Rb1 Rc7 34. bxa5 Ra8
35. Reb2 Ra7 36. Rb6 Bxh4 37. gxh4 Qxf4 38. a6 bxa6 39. Re1 Re7 40. Rxc6 Qxh4
41. Rexe6 Rxe6 42. Qxe6+ Kf8 43. Qe5 1-0

[Event "4NCL Division 3"]
[Site "Daventry Court ENG"]
[Date "2015.05.03"]
[Round "10.238"]
[White "Terry, Sean"]
[Black "Williamson, Kevin"]
[Result "1/2-1/2"]
[WhiteElo "1930"]
[BlackElo "1979"]
[PlyCount "106"]
[EventDate "2015.05.03"]
[WhiteTeam "Oxford 3"]
[BlackTeam "MK Phoenix 2"]

1. e4 d5 2. e5 c5 3. c3 Nc6 4. Nf3 Bg4 5. Bb5 Bxf3 6. Bxc6+ bxc6 7. Qxf3 e6 8.
O-O Ne7 9. d3 Ng6 10. Qe2 Be7 11. f4 O-O 12. Nd2 Qd7 13. Nf3 f6 14. Bd2 Rab8
15. Rab1 fxe5 16. Nxe5 Nxe5 17. fxe5 Rxf1+ 18. Kxf1 Rf8+ 19. Kg1 Bd8 20. Rf1
Rxf1+ 21. Qxf1 Qb7 22. Bc1 Bc7 23. Qe2 Qb8 24. Qg4 Qe8 25. Bf4 Qf7 26. h3 Qf5
27. Kf2 Qxg4 28. hxg4 Kf7 29. Kg3 g5 30. Bxg5 Bxe5+ 31. Bf4 Bxf4+ 32. Kxf4 Kf6
33. g5+ Kg6 34. d4 c4 35. a4 a5 36. Kg4 Kg7 37. Kg3 e5 38. dxe5 c5 39. Kf4 d4
40. cxd4 cxd4 41. Ke4 d3 42. Ke3 Kf7 43. b3 cxb3 44. Kxd3 Ke6 45. Kc3 Kxe5 46.
Kxb3 Kd4 47. Kb2 Kc4 48. Kc2 Kb4 49. Kd3 Kxa4 50. Kc4 Ka3 51. Kc3 Ka4 52. Kc4
Ka3 53. Kc3 Ka4 1/2-1/2

[Event "4NCL Division 3"]
[Site "Daventry Court ENG"]
[Date "2015.05.03"]
[Round "10.239"]
[White "Majer, Chris"]
[Black "Gossiaux, Ryan P"]
[Result "0-1"]
[WhiteElo "1945"]
[BlackElo "1735"]
[PlyCount "48"]
[EventDate "2015.05.03"]
[WhiteTeam "MK Phoenix 2"]
[BlackTeam "Oxford 3"]

1. e4 e5 2. Bc4 Nf6 3. d4 exd4 4. e5 d5 5. Bb5+ Bd7 6. Bxd7+ Nfxd7 7. Qxd4 Nc6
8. Qxd5 Ndxe5 9. Qe4 Qd4 10. Qe2 O-O-O 11. Nc3 Bb4 12. Bd2 Rhe8 13. O-O-O Bxc3
14. Bxc3 Qf4+ 15. Bd2 Qa4 16. Kb1 Nc4 17. Be3 Nb4 18. Rxd8+ Rxd8 19. Qxc4 Rd1+
20. Bc1 Rxc1+ 21. Kxc1 Nxa2+ 22. Qxa2 Qxa2 23. Kd2 Qd5+ 24. Ke2 Qxg2 0-1

[Event "4NCL Division 3"]
[Site "Daventry Court ENG"]
[Date "2015.05.03"]
[Round "10.240"]
[White "Riley, Adrian K"]
[Black "Shaw, John"]
[Result "1/2-1/2"]
[WhiteElo "1587"]
[BlackElo "1726"]
[PlyCount "76"]
[EventDate "2015.05.03"]
[WhiteTeam "Oxford 3"]
[BlackTeam "MK Phoenix 2"]

1. Nf3 c5 2. e4 Nc6 3. c4 g6 4. Nc3 Bg7 5. d3 d6 6. h3 e6 7. Be2 Nge7 8. Be3
Nd4 9. Qd2 Nec6 10. O-O O-O 11. Bh6 Nxf3+ 12. Bxf3 Nd4 13. Bd1 Bd7 14. Bxg7
Kxg7 15. Ne2 e5 16. Nxd4 cxd4 17. b4 f5 18. f3 f4 19. Kh2 g5 20. Rg1 h5 21. g3
Qf6 22. gxf4 exf4 23. Qf2 Kf7 24. Bb3 Be6 25. Rac1 Rh8 26. c5 Rag8 27. Bxe6+
Kxe6 28. Rc4 g4 29. Qxd4 Qxd4 30. Rxd4 dxc5 31. bxc5 gxf3 32. Rd6+ Ke5 33. Rd5+
Ke6 34. Rf1 Rg2+ 35. Kh1 Rhg8 36. h4 R2g3 37. Rxf3 Rg1+ 38. Kh2 R1g2+ 1/2-1/2

[Event "4NCL Division 3"]
[Site "Daventry Court ENG"]
[Date "2015.05.03"]
[Round "10.245"]
[White "Donaghay, Richard H"]
[Black "Willow, Jonah B"]
[Result "0-1"]
[WhiteElo "1934"]
[BlackElo "1888"]
[PlyCount "168"]
[EventDate "2015.05.03"]
[WhiteTeam "Iceni 2"]
[BlackTeam "e2e4.org.uk 4"]

1. e4 e6 2. Qe2 c5 3. g3 Nc6 4. Nf3 Be7 5. Bg2 d5 6. d3 Nf6 7. O-O O-O 8. c3 b6
9. e5 Ne8 10. h4 Nc7 11. c4 Ba6 12. Nc3 Rc8 13. Bf4 b5 14. b3 bxc4 15. bxc4
dxc4 16. dxc4 Nd5 17. Ne4 Na5 18. Ned2 Nxf4 19. gxf4 Bxh4 20. Rfc1 Be7 21. Rc3
Rb8 22. Rd3 Qc7 23. Ng5 Bxg5 24. fxg5 Nxc4 25. Rh3 Qxe5 26. Qxe5 Nxe5 27. Be4
g6 28. Ra3 Rfd8 29. Rxa6 Rxd2 30. Rxa7 Rd4 31. Ra8 Rxa8 32. Bxa8 Ra4 33. Bb7
Nd3 34. Bc6 Ra3 35. Bb5 Ne5 36. f4 Nf3+ 37. Kf2 Nd4 38. Bc4 Ra4 39. Rc1 Kf8 40.
Ke3 Nf5+ 41. Kd3 Ra3+ 42. Bb3 Nd4 43. Rxc5 Nxb3 44. axb3 Rxb3+ 45. Ke4 Kg7 46.
Rc7 Rb5 47. Ra7 Rf5 48. Rb7 h6 49. gxh6+ Kxh6 50. Rb1 g5 51. Rh1+ Kg6 52. fxg5
Kxg5 53. Rg1+ Kf6 54. Rb1 Ra5 55. Rf1+ Ke7 56. Rb1 Ra4+ 57. Ke3 f5 58. Rb7+ Kf6
59. Rb8 Re4+ 60. Kf3 Rd4 61. Rb6 Ke5 62. Rb5+ Rd5 63. Rb3 Rc5 64. Re3+ Kf6 65.
Rb3 e5 66. Ra3 Kg5 67. Rb3 Rc6 68. Ra3 Rh6 69. Ra5 Rh3+ 70. Kg2 Re3 71. Kf2 Kf4
72. Ra4+ e4 73. Ra5 Rb3 74. Ra2 Kg4 75. Rc2 f4 76. Rc8 Rb2+ 77. Kf1 Kf3 78.
Rc3+ e3 79. Rc1 Kg3 80. Rc8 Kf3 81. Rc1 Rh2 82. Kg1 Rd2 83. Kf1 e2+ 84. Ke1
Rd1+ 0-1

[Event "4NCL Division 3"]
[Site "Daventry Court ENG"]
[Date "2015.05.03"]
[Round "10.246"]
[White "Hewitt, Sean D"]
[Black "Lightfoot, Malcolm J"]
[Result "1/2-1/2"]
[WhiteElo "1869"]
[BlackElo "1867"]
[PlyCount "43"]
[EventDate "2015.05.03"]
[WhiteTeam "e2e4.org.uk 4"]
[BlackTeam "Iceni 2"]

1. g3 c5 2. Bg2 Nc6 3. f4 g6 4. Nf3 Bg7 5. O-O e6 6. e4 Nge7 7. c3 d5 8. e5 d4
9. Na3 Nf5 10. b3 O-O 11. Qe1 h5 12. Ng5 Nxe5 13. Nxe6 Bxe6 14. fxe5 Qd7 15.
Bb2 Rac8 16. Qe4 b6 17. Rae1 Rfd8 18. c4 Qe7 19. Nc2 Bd7 20. Qb7 Be8 21. Qxe7
Nxe7 22. e6 1/2-1/2

[Event "4NCL Division 3"]
[Site "Daventry Court ENG"]
[Date "2015.05.03"]
[Round "10.247"]
[White "Lovell, Steve"]
[Black "Pattinson, John"]
[Result "1/2-1/2"]
[WhiteElo "1780"]
[BlackElo "1898"]
[PlyCount "131"]
[EventDate "2015.05.03"]
[WhiteTeam "Iceni 2"]
[BlackTeam "e2e4.org.uk 4"]

1. e4 e5 2. Nf3 Nc6 3. Bc4 d6 4. O-O Bg4 5. c3 Bxf3 6. Qxf3 Nf6 7. Re1 Qd7 8.
Bb5 a6 9. Ba4 b5 10. Bc2 Be7 11. d3 h6 12. Nd2 Qg4 13. Qe3 Nh5 14. Bd1 Qg6 15.
Nf1 Bg5 16. Bxh5 Qxh5 17. Qe2 Qxe2 18. Rxe2 Bxc1 19. Rxc1 O-O 20. Ne3 Ne7 21.
d4 f6 22. f3 Rfd8 23. d5 g6 24. c4 c5 25. dxc6 Nxc6 26. cxb5 Nd4 27. Ree1 axb5
28. a3 Rac8 29. Kf2 Rc5 30. Rxc5 dxc5 31. Nd5 Kf7 32. Rc1 Rc8 33. Ke3 g5 34.
Nb6 Rc6 35. Nd5 Ke6 36. Rc3 f5 37. b3 f4+ 38. Kf2 Kf7 39. a4 b4 40. Rd3 Ke6 41.
a5 Kf7 42. Nb6 Rc7 43. Nc4 Ke6 44. Ke1 Rd7 45. Rd2 Nxb3 46. Rxd7 Kxd7 47. Nxe5+
Kc7 48. Nd3 Kc6 49. a6 Nd4 50. Kd2 Ne6 51. Kc2 Kb6 52. Kb3 Kxa6 53. Kc4 Kb6 54.
Ne5 Kc7 55. Kd5 b3 56. Nc4 Kd7 57. Nb2 Nd4 58. Kxc5 Nc2 59. Nd3 Ne1 60. Kc4
Nxg2 61. Kxb3 Nh4 62. Ne1 Kd6 63. Kc4 Ke5 64. Kd3 h5 65. h3 Ng6 66. Nc2 1/2-1/2

[Event "4NCL Division 3"]
[Site "Daventry Court ENG"]
[Date "2015.05.03"]
[Round "10.248"]
[White "Towers, Nigel S"]
[Black "Carter, Dominic A"]
[Result "1/2-1/2"]
[WhiteElo "1817"]
[BlackElo "1644"]
[PlyCount "125"]
[EventDate "2015.05.03"]
[WhiteTeam "e2e4.org.uk 4"]
[BlackTeam "Iceni 2"]

1. e4 e5 2. Nf3 Nc6 3. Bb5 a6 4. Bxc6 dxc6 5. O-O f6 6. d4 Bg4 7. dxe5 Qxd1 8.
Rxd1 fxe5 9. Rd3 Bd6 10. Bg5 Nf6 11. Nbd2 O-O-O 12. Rd1 Be6 13. Bh4 h6 14. Bg3
Nd7 15. Nb3 Rhf8 16. h3 Bc4 17. R3d2 g5 18. Nc1 Nf6 19. Nxe5 Bxe5 20. Rxd8+
Rxd8 21. Rxd8+ Kxd8 22. Bxe5 Nxe4 23. f3 Nd6 24. h4 Ke7 25. hxg5 hxg5 26. Kf2
Ke6 27. Bc3 Nf5 28. b3 Bd5 29. Nd3 Nd6 30. Bb2 Kf5 31. g4+ Kg6 32. Nc5 a5 33.
Be5 b6 34. Na6 a4 35. Nxc7 Nf7 36. Bb2 axb3 37. axb3 Nd8 38. Bd4 b5 39. Ke3 Bg8
40. Ne8 Ne6 41. Bb6 Nf4 42. Bd8 Bd5 43. Nf6 Ng2+ 44. Kf2 Nf4 45. Nxd5 Nxd5 46.
Ke2 Nb4 47. c4 Nc2 48. Kd3 Ne1+ 49. Ke4 bxc4 50. bxc4 Kh6 51. Ba5 Ng2 52. Bd2
Kg6 53. Be3 Kf6 54. Bf2 Nf4 55. Bd4+ Kg6 56. Be3 Ng2 57. Bd2 Kf6 58. f4 gxf4
59. Bxf4 Ne1 60. Bd2 Nc2 61. Kd3 Na3 62. Bb4 Nxc4 63. Kxc4 1/2-1/2

[Event "4NCL Division 3"]
[Site "Daventry Court ENG"]
[Date "2015.05.03"]
[Round "10.249"]
[White "Rowles, Sarah"]
[Black "Flynn, David"]
[Result "0-1"]
[WhiteElo "1525"]
[BlackElo "1848"]
[PlyCount "72"]
[EventDate "2015.05.03"]
[WhiteTeam "Iceni 2"]
[BlackTeam "e2e4.org.uk 4"]

1. d4 Nf6 2. Nf3 g6 3. e3 Bg7 4. Be2 d5 5. Nbd2 c5 6. c3 O-O 7. O-O Nbd7 8. Re1
b6 9. Bf1 Bb7 10. g3 Qc7 11. Bg2 h6 12. Qc2 Ne4 13. Nxe4 dxe4 14. Nd2 f5 15.
Qb3+ Kh7 16. Qe6 Rf6 17. Qc4 Qd6 18. dxc5 Qxc5 19. Bf1 Rd6 20. Nb3 Qxc4 21.
Bxc4 Ne5 22. Be2 Nd3 23. Rd1 e5 24. Nd2 Rad8 25. Nc4 R6d7 26. b3 Ba6 27. Ba3
Bxc4 28. bxc4 Rc8 29. Bxd3 Rxd3 30. Rxd3 exd3 31. c5 bxc5 32. Rd1 c4 33. Bc1
Rb8 34. Ba3 e4 35. Bb4 Rxb4 36. cxb4 c3 0-1

[Event "4NCL Division 3"]
[Site "Daventry Court ENG"]
[Date "2015.05.03"]
[Round "10.250"]
[White "David, Ivan"]
[Black "Collicott, Peter  J"]
[Result "0-1"]
[WhiteElo "1834"]
[BlackElo "1502"]
[PlyCount "38"]
[EventDate "2015.05.03"]
[WhiteTeam "e2e4.org.uk 4"]
[BlackTeam "Iceni 2"]

1. Nf3 d5 2. c4 Nf6 3. g3 e6 4. Bg2 Bc5 5. O-O O-O 6. d4 Be7 7. Qc2 Nbd7 8. Rd1
c6 9. b3 Re8 10. Bb2 Ne4 11. Ne1 Ndf6 12. f3 Nd6 13. e4 dxe4 14. fxe4 Ng4 15.
Qe2 Nh6 16. Nc3 f5 17. e5 Ndf7 18. h3 Qc7 19. Nf3 Ng5 0-1

[Event "4NCL Division 3"]
[Site "Daventry Court ENG"]
[Date "2015.05.03"]
[Round "10.255"]
[White "Lonsdale, Jon.I"]
[Black "Anilkumar, Anantha P (jnr)"]
[Result "1-0"]
[WhiteElo "1840"]
[BlackElo "1967"]
[PlyCount "59"]
[EventDate "2015.05.03"]
[WhiteTeam "Manchester Manticores 3"]
[BlackTeam "KJCA Knights"]

1. e4 c5 2. c3 d5 3. exd5 Qxd5 4. d4 Nf6 5. Nf3 Bg4 6. dxc5 Qxd1+ 7. Kxd1 Nc6
8. b4 e6 9. Kc2 Bxf3 10. gxf3 a5 11. Bb5 Nd5 12. Bxc6+ bxc6 13. Bd2 Be7 14. a3
Bf6 15. Ra2 O-O 16. c4 Nc7 17. Nc3 Bxc3 18. Bxc3 axb4 19. Bxb4 Na6 20. Kc3 Nxb4
21. Kxb4 Rfb8+ 22. Kc3 Ra5 23. Rd1 Rxc5 24. Rd7 g6 25. Rc7 e5 26. a4 Rb1 27. a5
Rc1+ 28. Kd2 R1xc4 29. Rc8+ Kg7 30. a6 1-0

[Event "4NCL Division 3"]
[Site "Daventry Court ENG"]
[Date "2015.05.03"]
[Round "10"]
[White "Hand, Freddie"]
[Black "Pardoe, David"]
[Result "1-0"]
[WhiteElo "1837"]
[BlackElo "1765"]
[PlyCount "99"]
[EventDate "2015.05.03"]
[WhiteTeam "KJCA Knights"]
[BlackTeam "Manchester Manticores 3"]

1. d4 Nf6 2. c4 e6 3. Nc3 Bb4 4. e3 O-O 5. Nge2 c5 6. a3 cxd4 7. axb4 dxc3 8.
Nxc3 Nc6 9. b5 Ne5 10. Qd4 Ng6 11. Rxa7 e5 12. Qc5 d6 13. Qa3 Rxa7 14. Qxa7 Qc7
15. e4 Be6 16. b3 Nd7 17. Qe3 f5 18. Be2 f4 19. Qd2 Nh4 20. Rg1 Nc5 21. Bd1 f3
22. gxf3 Nxf3+ 23. Bxf3 Rxf3 24. Qc2 Nd3+ 25. Kd1 Nxf2+ 26. Ke2 Qf7 27. Qa2
Rxc3 28. Qa8+ Qf8 29. Rxg7+ Kxg7 30. Bh6+ Kxh6 31. Qxf8+ Kg6 32. Kxf2 Rxb3 33.
Qxd6 Kf6 34. Qb6 Rb2+ 35. Ke3 Rxh2 36. Qxb7 Bxc4 37. Qc6+ Be6 38. b6 Rh3+ 39.
Kf2 Rb3 40. b7 Rb2+ 41. Ke3 Rb3+ 42. Kd2 Rb2+ 43. Kc3 Rb3+ 44. Kc2 Rb4 45. Qc7
Rxe4 46. Qd8+ Kf5 47. b8=Q Rc4+ 48. Kb2 Rd4 49. Qf8+ Ke4 50. Qf6 1-0

[Event "4NCL Division 3"]
[Site "Daventry Court ENG"]
[Date "2015.05.03"]
[Round "10.1"]
[White "Livesey, Nigel.R"]
[Black "Mao, Ximan"]
[Result "0-1"]
[WhiteElo "1825"]
[BlackElo "1695"]
[PlyCount "104"]
[EventDate "2015.05.03"]
[WhiteTeam "Manchester Manticores 3"]
[BlackTeam "KJCA Knights"]

1. c4 e5 2. g3 Nf6 3. Bg2 d5 4. cxd5 Nxd5 5. Nc3 Nb6 6. Nf3 Nc6 7. O-O Be7 8.
d3 Be6 9. Be3 O-O 10. Rc1 f5 11. Na4 f4 12. Nc5 Bd5 13. Bd2 Bxc5 14. Rxc5 Qd6
15. Qc2 Bxf3 16. Bxf3 Nd4 17. Qc1 Nxf3+ 18. exf3 Qxd3 19. Qc3 Rad8 20. Bc1 Qxc3
21. bxc3 Rd3 22. Rxc7 Rxf3 23. Rxb7 Ra8 24. gxf4 exf4 25. Kg2 Rxc3 26. Bxf4 Rc4
27. Be3 Nd5 28. Bxa7 Ra4 29. Bb8 Rxa2 30. Rc1 h6 31. Rc5 Ne3+ 32. Kf3 Nd1 33.
Rcc7 Rxf2+ 34. Ke4 Ra4+ 35. Ke5 Rg2 36. Ba7 Rg5+ 37. Kd6 Rf4 38. Rd7 Nc3 39.
Be3 Rf6+ 40. Kc7 Nd5+ 41. Rxd5 Rxd5 42. Rb6 Rf7+ 43. Kc6 Re5 44. Bc5 Rf6+ 45.
Bd6 Kh7 46. Kc7 Ree6 47. Kd7 g5 48. Rc6 Kg6 49. Ra6 h5 50. Rb6 h4 51. Ra6 g4
52. Kc7 Rxd6 0-1

[Event "4NCL Division 3"]
[Site "Daventry Court ENG"]
[Date "2015.05.03"]
[Round "10.2"]
[White "Green, Emily"]
[Black "Stephens, Ian Paul"]
[Result "1/2-1/2"]
[WhiteElo "1637"]
[BlackElo "1727"]
[PlyCount "125"]
[EventDate "2015.05.03"]
[WhiteTeam "KJCA Knights"]
[BlackTeam "Manchester Manticores 3"]

1. e4 c5 2. Nf3 d6 3. d4 cxd4 4. Nxd4 Nf6 5. Nc3 a6 6. Bc4 e6 7. f3 Nc6 8. Be3
Be7 9. Qd2 Bd7 10. O-O-O Rc8 11. Bb3 Na5 12. g4 Nxb3+ 13. axb3 Bc6 14. h4 Nd7
15. g5 g6 16. h5 Rg8 17. hxg6 hxg6 18. Kb1 e5 19. Nde2 Qc7 20. Rc1 b5 21. Nd5
Bxd5 22. Qxd5 Nf8 23. Nc3 Qc6 24. Qxc6+ Rxc6 25. Nd5 a5 26. Bd2 Ne6 27. Rhg1 b4
28. c3 bxc3 29. bxc3 Kd7 30. Rc2 Rb8 31. Rb2 Nc5 32. Kc2 a4 33. b4 Nb3 34. Be3
Nd4+ 35. Bxd4 exd4 36. Kd3 dxc3 37. Nxc3 a3 38. Rb3 Ra8 39. Ra1 Rca6 40. Nd5
Bxg5 41. b5 Rb8 42. bxa6 Rxb3+ 43. Kc4 Rb8 44. a7 Rc8+ 45. Kd3 Bd8 46. Rxa3 Ra8
47. Kc4 Kc8 48. Kb5 Kb7 49. Nb4 Bb6 50. Nc6 f5 51. exf5 gxf5 52. Ra6 Bc7 53.
Na5+ Bxa5 54. Rxa5 d5 55. Kc5 Rc8+ 56. Kxd5 Ka8 57. Ke6 f4 58. Kd6 Rc3 59. Ke5
Rxf3 60. Ra4 Re3+ 61. Kxf4 Re7 62. Ra3 Rxa7 63. Rxa7+ 1/2-1/2

[Event "4NCL Division 3"]
[Site "Daventry Court ENG"]
[Date "2015.05.03"]
[Round "10.3"]
[White "Pollard, Mathew.B"]
[Black "Anilkumar, Anantha P P (snr)"]
[Result "1-0"]
[WhiteElo "1765"]
[BlackElo "1334"]
[PlyCount "93"]
[EventDate "2015.05.03"]
[WhiteTeam "Manchester Manticores 3"]
[BlackTeam "KJCA Knights"]

1. Nf3 Nf6 2. g3 g6 3. Bg2 Bg7 4. O-O O-O 5. d3 d5 6. Nbd2 c6 7. e4 dxe4 8.
dxe4 Nbd7 9. c3 Qc7 10. Qc2 a6 11. Nc4 b5 12. Bf4 Qd8 13. Nce5 Nh5 14. Nxc6 Qe8
15. Bg5 Bf6 16. Ncd4 Ne5 17. Bxf6 exf6 18. a4 bxa4 19. Rxa4 Bd7 20. Ra2 a5 21.
Rfa1 Qd8 22. Nb3 Nc4 23. Nfd2 Be6 24. Ra4 Qc7 25. Nxc4 Bxc4 26. Nxa5 Bb5 27.
R4a3 Ra6 28. Nb3 Rd6 29. Ra7 Qb6 30. Nd4 Rfd8 31. Qb3 Be8 32. Qxb6 Rxb6 33. Ra8
Rbb8 34. Rxb8 Rxb8 35. b4 Ng7 36. b5 Ne6 37. Nxe6 fxe6 38. c4 e5 39. Ra7 Rd8
40. Bh3 Rd4 41. Be6+ Kf8 42. Bd5 f5 43. b6 fxe4 44. b7 Rd1+ 45. Kg2 Rb1 46.
Bxe4 Ke7 47. b8=Q+ 1-0

[Event "4NCL Division 3"]
[Site "Daventry Court ENG"]
[Date "2015.05.03"]
[Round "10.4"]
[White "Mao, Zhongquan"]
[Black "Jerzynek, Neil"]
[Result "0-1"]
[WhiteElo "1300"]
[BlackElo "1652"]
[PlyCount "79"]
[EventDate "2015.05.03"]
[WhiteTeam "KJCA Knights"]
[BlackTeam "Manchester Manticores 3"]

1. d4 e6 2. e4 d5 3. e5 c5 4. c3 Nc6 5. Nf3 Nge7 6. Bg5 cxd4 7. cxd4 Qb6 8. b3
Nf5 9. Be3 Nxe3 10. fxe3 Bb4+ 11. Nbd2 Bd7 12. a3 Bxd2+ 13. Nxd2 O-O 14. Bd3 g6
15. O-O Nxe5 16. dxe5 Qxe3+ 17. Kh1 Qxd3 18. Rf3 Qd4 19. Qe1 Rac8 20. Rd1 f5
21. Nc4 Qc5 22. Nd6 Rc6 23. b4 Qb6 24. Rh3 Rxd6 25. exd6 Qxd6 26. Qh4 Rf7 27.
Rc1 a6 28. Rhc3 Bc6 29. Qg5 d4 30. Rc4 e5 31. h4 e4 32. Qd2 d3 33. h5 Qg3 34.
Re1 Qh4+ 35. Kg1 Qxh5 36. Qa2 f4 37. Rc5 Qg4 38. Rxc6 bxc6 39. Rxe4 Qd7 40. Qf2
0-1

[Event "4NCL Division 3"]
[Site "Daventry Court ENG"]
[Date "2015.05.03"]
[Round "10.9"]
[White "Higgs, Anthony RJ"]
[Black "Skulte, Chris"]
[Result "1/2-1/2"]
[WhiteElo "1969"]
[BlackElo "2012"]
[PlyCount "65"]
[EventDate "2015.05.03"]
[WhiteTeam "Sussex Martlets 2"]
[BlackTeam "Celtic Tigers 2"]

1. d4 Nf6 2. c4 c5 3. Nf3 cxd4 4. Nxd4 e6 5. g3 d5 6. Bg2 Nc6 7. Nxc6 bxc6 8.
O-O Bd6 9. Nc3 O-O 10. Re1 Bb7 11. e4 dxe4 12. Bg5 c5 13. Bxf6 gxf6 14. Nxe4
Bxe4 15. Rxe4 f5 16. Re2 Rb8 17. Rd2 Rb6 18. b4 Qc7 19. b5 Be5 20. Rb1 Bd4 21.
Rb3 a6 22. a4 axb5 23. axb5 Rd6 24. Ra3 Rfd8 25. Qf3 R6d7 26. Rda2 Qe5 27. Qe2
Kg7 28. Qxe5+ Bxe5 29. Bf3 Rd3 30. Rxd3 Rxd3 31. Be2 Rb3 32. Kg2 f4 33. gxf4
1/2-1/2

[Event "4NCL Division 3"]
[Site "Daventry Court ENG"]
[Date "2015.05.03"]
[Round "10.10"]
[White "Buttell, David"]
[Black "Graham, William M"]
[Result "0-1"]
[WhiteElo "1797"]
[BlackElo "1845"]
[PlyCount "164"]
[EventDate "2015.05.03"]
[WhiteTeam "Celtic Tigers 2"]
[BlackTeam "Sussex Martlets 2"]

1. d4 Nf6 2. c4 g6 3. Nc3 Bg7 4. e4 d6 5. f3 O-O 6. Be3 Nbd7 7. Nh3 e5 8. d5
Ne8 9. Nf2 f5 10. Bd3 f4 11. Bd2 Nc5 12. b4 Nxd3+ 13. Nxd3 Qh4+ 14. Ke2 g5 15.
Qe1 Qh5 16. Qf2 g4 17. Rag1 Kh8 18. Be1 Bf6 19. a4 Bd7 20. h3 g3 21. Qf1 a5 22.
b5 Bd8 23. Bd2 Rc8 24. Qa1 b6 25. Nb1 Nf6 26. Nc3 Be8 27. Qe1 Bg6 28. Kd1 Be7
29. Kc2 Rg8 30. Kb3 Be8 31. Qe2 Bd7 32. Re1 Rcf8 33. Nb1 Qg5 34. Bc3 h5 35. Nd2
Kg7 36. Qd1 Kf7 37. Qa1 h4 38. Ka2 Nh7 39. Rb1 Ra8 40. Qb2 Bf6 41. Kb3 Qg7 42.
Ra1 Ng5 43. Rag1 Ke7 44. Ka2 Rh8 45. Qa1 Rh6 46. Qe1 Rg6 47. Qe2 Rg8 48. Ne1
Qf7 49. Ka3 Qe8 50. Nd3 Kf7 51. Nb3 Qc8 52. Ne1 Rh8 53. Nd2 Bxh3 54. gxh3 Nxh3
55. Rg2 Ng5 56. Nd3 h3 57. Rgg1 Qg8 58. Ne1 Qh7 59. Nd3 Rh6 60. c5 Qg7 61. cxb6
cxb6 62. Nc4 Bd8 63. Nxf4 Rf6 64. Nd3 Nxf3 65. Nxd6+ Kf8 66. Nf5 Rxf5 67. exf5
Nxg1 68. Rxg1 h2 69. Bxe5 Qe7+ 70. d6 hxg1=Q 71. dxe7+ Bxe7+ 72. Kb3 Qb1+ 73.
Nb2 Rh4 74. Bg7+ Ke8 75. Bc3 Qxf5 76. Nc4 Qc5 77. Qe6 Qxc4+ 78. Qxc4 Rxc4 79.
Kxc4 g2 80. Bd4 Bc5 81. Bxc5 bxc5 82. Kxc5 g1=Q+ 0-1

[Event "4NCL Division 3"]
[Site "Daventry Court ENG"]
[Date "2015.05.03"]
[Round "10.11"]
[White "Ahluwalia, Amardip"]
[Black "Wagner, Guy"]
[Result "1/2-1/2"]
[WhiteElo "1713"]
[BlackElo "1821"]
[PlyCount "108"]
[EventDate "2015.05.03"]
[WhiteTeam "Sussex Martlets 2"]
[BlackTeam "Celtic Tigers 2"]

1. e4 e6 2. d4 d5 3. e5 c5 4. c3 Nc6 5. Nf3 Bd7 6. Be2 Nge7 7. Na3 cxd4 8. cxd4
Nf5 9. Nc2 Qb6 10. O-O Be7 11. Kh1 Na5 12. b3 Bb5 13. Be3 Bxe2 14. Qxe2 Nc6 15.
Rac1 Rc8 16. Rfd1 h6 17. Kg1 Kd7 18. Rb1 Rc7 19. Rdc1 Rhc8 20. Qd1 Nb4 21. Nxb4
Bxb4 22. Rxc7+ Rxc7 23. Rc1 Rxc1 24. Qxc1 Qc6 25. Qxc6+ Kxc6 26. Kf1 Kb5 27.
Ke2 Bc3 28. Kd3 Bb2 29. Kc2 Ba3 30. Bd2 a5 31. Bc3 a4 32. Kd3 Ne7 33. Ne1 axb3
34. axb3 Bb4 35. Nc2 Nc6 36. Bb2 Be7 37. Bc3 f6 38. f4 fxe5 39. fxe5 Bg5 40. h3
b6 41. g4 Be7 42. Bd2 Nb4+ 43. Nxb4 Bxb4 44. Bc1 Be1 45. Ba3 Bb4 46. Bb2 g6 47.
Bc1 h5 48. Bb2 Be1 49. Ba3 Bf2 50. Be7 Be1 51. Ba3 Kc6 52. Bc1 Kd7 53. Ke2 Bb4
54. Kd3 Ke7 1/2-1/2

[Event "4NCL Division 3"]
[Site "Daventry Court ENG"]
[Date "2015.05.03"]
[Round "10.12"]
[White "Essinger, James"]
[Black "Woods, Timothy J"]
[Result "1/2-1/2"]
[WhiteElo "1723"]
[BlackElo "1719"]
[PlyCount "41"]
[EventDate "2015.05.03"]
[WhiteTeam "Celtic Tigers 2"]
[BlackTeam "Sussex Martlets 2"]

1. e4 d6 2. d4 Nf6 3. Nc3 g6 4. Bc4 Bg7 5. Qe2 Nc6 6. e5 Ng4 7. e6 Nxd4 8. Qxg4
Nxc2+ 9. Kd1 Nxa1 10. exf7+ Kf8 11. Qe2 d5 12. Bd3 e5 13. f3 c6 14. h4 Qd6 15.
Bd2 Be6 16. Nh3 Qb4 17. Ng5 Bxf7 18. Nxf7 Kxf7 19. Kc1 Nb3+ 20. axb3 Qxb3 21.
Bc2 1/2-1/2

[Event "4NCL Division 3"]
[Site "Daventry Court ENG"]
[Date "2015.05.03"]
[Round "10.13"]
[White "Graham, Cassie M"]
[Black "Stampe, Chris"]
[Result "1-0"]
[WhiteElo "1660"]
[BlackElo "1720"]
[PlyCount "51"]
[EventDate "2015.05.03"]
[WhiteTeam "Sussex Martlets 2"]
[BlackTeam "Celtic Tigers 2"]

1. e4 c5 2. Nc3 d6 3. f4 g6 4. Nf3 Bg7 5. Bc4 a6 6. d3 Bd7 7. O-O Nc6 8. Ng5
Nh6 9. f5 Ne5 10. Bd5 Bc6 11. Bf4 Bxd5 12. Nxd5 Neg4 13. c3 Nf6 14. Nxf6+ exf6
15. Nf3 Qd7 16. Qc1 g5 17. Bg3 Ng8 18. Nd2 b5 19. a4 Rb8 20. axb5 axb5 21. Ra6
Bf8 22. Qa1 h5 23. Ra7 Qd8 24. Qa2 Nh6 25. Qd5 h4 26. Qc6+ 1-0

[Event "4NCL Division 3"]
[Site "Daventry Court ENG"]
[Date "2015.05.03"]
[Round "10.14"]
[White "Kitchen, Peter"]
[Black "Howell, Oliver W"]
[Result "1/2-1/2"]
[WhiteElo "1682"]
[BlackElo "1660"]
[PlyCount "40"]
[EventDate "2015.05.03"]
[WhiteTeam "Celtic Tigers 2"]
[BlackTeam "Sussex Martlets 2"]

1. Nf3 Nf6 2. d4 e6 3. c4 c5 4. g3 cxd4 5. Nxd4 Bb4+ 6. Bd2 Qb6 7. Bxb4 Qxb4+
8. Qd2 Qxc4 9. Bg2 Nc6 10. e3 Nxd4 11. Na3 Nc2+ 12. Nxc2 Ne4 13. Qd4 Qxd4 14.
Nxd4 Nc5 15. Nb5 O-O 16. Nd6 Rb8 17. Kd2 b6 18. Rhc1 Bb7 19. Nxb7 Nxb7 20. Rc7
d5 1/2-1/2

[Event "4NCL Division 3"]
[Site "Daventry Court ENG"]
[Date "2015.05.03"]
[Round "10.19"]
[White "Cresswell, Mike J"]
[Black "Jackson, Gary C"]
[Result "1-0"]
[WhiteElo "1760"]
[BlackElo "1849"]
[PlyCount "47"]
[EventDate "2015.05.03"]
[WhiteTeam "BCM Hippos [3]"]
[BlackTeam "Banbury Bulldogs"]

1. e4 c5 2. Nf3 d6 3. d4 cxd4 4. Nxd4 Nf6 5. Nc3 g6 6. f3 Bg7 7. Be3 Nc6 8. Qd2
O-O 9. O-O-O d5 10. Nxc6 bxc6 11. Bh6 Bxh6 12. Qxh6 d4 13. e5 Ne8 14. Ne4 f6
15. h4 Ng7 16. g4 Qd5 17. exf6 exf6 18. b3 Qe5 19. Bd3 Ne6 20. g5 Qf4+ 21. Kb1
f5 22. h5 fxe4 23. hxg6 Nxg5 24. Bc4+ 1-0

[Event "4NCL Division 3"]
[Site "Daventry Court ENG"]
[Date "2015.05.03"]
[Round "10.20"]
[White "Price, Andrew"]
[Black "Grey, Nicholas D"]
[Result "1/2-1/2"]
[WhiteElo "1829"]
[BlackElo "1746"]
[PlyCount "68"]
[EventDate "2015.05.03"]
[WhiteTeam "Banbury Bulldogs"]
[BlackTeam "BCM Hippos [3]"]

1. e4 d6 2. Nf3 Nf6 3. Nc3 c5 4. d4 cxd4 5. Nxd4 g6 6. Be3 Bg7 7. f3 Nc6 8. Qd2
O-O 9. Be2 Nxd4 10. Bxd4 Be6 11. g4 Qa5 12. h4 Rac8 13. h5 Bxg4 14. fxg4 Nxe4
15. Nxe4 Qxd2+ 16. Kxd2 Bxd4 17. c3 Be5 18. Raf1 d5 19. Ng5 h6 20. Nf3 Bf4+ 21.
Kc2 e5 22. Nh4 Kg7 23. Bd3 Rc6 24. Ng2 Bg5 25. hxg6 fxg6 26. Rxf8 Kxf8 27. Rf1+
Kg7 28. Bb5 Rc7 29. Ne1 a6 30. Be2 e4 31. Kd1 d4 32. c4 b5 33. b3 d3 34. Nxd3
exd3 1/2-1/2